[Event "Mollet del Valles op 2nd"]
[Site "Mollet del Valles"]
[Date "2011.06.04"]
[Round "6"]
[White "Domingo Mateu, Bernat"]
[Black "Lopez Gomez, Antonio"]
[Result "1/2-1/2"]
[WhiteElo "1629"]
[BlackElo "1805"]
[PlyCount "113"]
[EventDate "2011.04.30"]
[EventType "swiss"]
[EventRounds "8"]
[EventCountry "ESP"]
[SourceTitle "EXT 2024"]
[Source "ChessBase"]
[SourceDate "2023.10.10"]
[SourceVersion "1"]
[SourceVersionDate "2023.10.10"]
[SourceQuality "1"]

1. e4 e5 2. Nf3 Nc6 3. Bc4 Bc5 4. c3 Nf6 5. d4 exd4 6. e5 d5 7. Bb5 Ne4 8. cxd4 Bb4+ 9. Bd2 Nxd2 10. Nbxd2 Bd7 11. 0-0 0-0 12. Rc1 Nxe5 13. Bxd7 Nxd7 14. Qb3 Bxd2 15. Nxd2 Nb6 16. Rfe1 c6 17. Qd3 Re8 18. b4 Qd7 19. Nf3 f6 20. Nd2 Rxe1+ 21. Rxe1 Re8 22. Rc1 a6 23. Kf1 Qg4 24. Nb3 Qf4 25. g3 Qe4 26. Qxe4 Rxe4 27. Rd1 Nc4 28. Nc5 Re7 29. h4 f5 30. a4 g6 31. a5 Kf7 32. Rd3 h6 33. f3 g5 34. hxg5 hxg5 35. Kf2 f4 36. gxf4 gxf4 37. Rd1 Kf6 38. Re1 Ne3 39. Re2 Rh7 40. Ke1 Rh1+ 41. Kd2 Rh7 42. Kd3 Re7 43. Re1 Kf7 44. Rh1 Nf5 45. Rh7+ Ng7 46. Kd2 Kg6 47. Rh2 Nf5 48. Rg2+ Ng3 49. Rf2 Rg7 50. Nd3 Rf7 51. Rg2 Kh6 52. Rh2+ Kg5 53. Rh8 Nf5 54. Rg8+ Ng7 55. Ne5 Re7 56. Rf8 Nf5 57. Rg8+ 1/2-1/2